000 00518cab a2200193 4500
001 X1997
008 090401t1982 xxu||||| |||| 00| 0 eng d
035 _a(Sirsi) u20984
041 _aeng
245 _aFraser v Clegg
260 _c1982
350 _a0
490 _aEstates Gazette
_v1982 264 EG 144
650 _aPROPERTY-LANDLORD AND TENANT-TENANCIES-AGRICULTURAL TENANCIES
650 _aNOTICE TO QUIT
690 _aLANDLORD AND TENANT-CASE LAW-AGRICULTURAL TENANCIES
942 _n0
948 _c04/03/1997
999 _c14076
_d14076